|
|
|
|
| LEADER |
00000nam a2200000 a 4500 |
| 001 |
vtls009935334 |
| 003 |
SK-MaSNL |
| 005 |
20260301025936.0 |
| 008 |
240318s2008 xo ho| f 000 0 slo |
| 015 |
|
|
|a SNBA2009/08-04301
|
| 020 |
|
|
|a 9788085684667
|q (viaz.)
|
| 035 |
|
|
|a DAE616C5-7E5C-4713-A5D0-DB2DA9B6BD51
|
| 035 |
|
|
|a urn:nbn:sk:snk-aml2bn
|
| 035 |
|
|
|a urn:nbn:sk:snk-am008m8m
|
| 040 |
|
|
|a SNK
|b slo
|c SNK
|e AACR2
|
| 041 |
0 |
|
|a slo
|a fre
|
| 043 |
|
|
|a e-xo---
|a e-fr---
|
| 044 |
|
|
|a xo
|c SK
|
| 072 |
|
7 |
|a 327
|x Medzinárodné vzťahy, svetová politika
|2 konspekt
|
| 080 |
|
|
|a (=162.4)
|2 2001
|
| 080 |
|
|
|a 355.318.2
|2 2001
|
| 080 |
|
|
|a 327
|2 2001
|
| 080 |
|
|
|a 316.72/.75
|2 2001
|
| 080 |
|
|
|a (437.6)
|2 2001
|
| 080 |
|
|
|a (44)
|2 2001
|
| 080 |
|
|
|a (093)
|2 2001
|
| 080 |
|
|
|a (084.12)
|2 2001
|
| 100 |
1 |
|
|a Baláž, Claude,
|d 1942-
|4 aut
|9 235640
|
| 245 |
1 |
0 |
|a Slovensko - Francúzsko
|c Claude Baláž, Daniel Compagnon ; [translation: Vladimíra Komorovská]
|
| 246 |
1 |
1 |
|a Slovaquie - France
|
| 250 |
|
|
|a 1. vyd.
|
| 260 |
|
|
|a Bratislava
|b Združenie nezávislých expertov pre otázky dejín a života zahraničných Slovákov
|c 2008
|
| 300 |
|
|
|a 95 s.
|b fotogr. (čiast. fareb.), faks., mp.
|c 24 cm
|
| 500 |
|
|
|a Vydanie realizovala ESA
|
| 546 |
|
|
|a Súbež. náz. a text franc.
|
| 648 |
|
7 |
|a 20. stor.
|2 SNKPH
|9 275975
|
| 648 |
|
7 |
|a 20th century
|2 SNKPHeng
|9 277995
|
| 650 |
0 |
7 |
|a Slováci
|2 SNKPH
|9 22552
|
| 650 |
0 |
7 |
|a zahraničný odboj
|2 SNKPH
|9 54986
|
| 650 |
0 |
7 |
|a Slovaks
|2 SNKPHeng
|9 265192
|
| 650 |
0 |
7 |
|a Resistance movement abroad
|2 SNKPHeng
|9 313645
|
| 651 |
|
7 |
|a Slovensko
|2 SNKPHgeo
|
| 651 |
|
7 |
|a Francúzsko
|2 SNKPHgeo
|9 15907
|
| 651 |
|
7 |
|a Slovakia
|2 SNKPHeng
|9 92630
|
| 651 |
|
7 |
|a France
|2 SNKPHeng
|9 162309
|
| 655 |
|
7 |
|a dokumenty
|2 SNKPH
|9 70482
|
| 655 |
|
7 |
|a fotografické publikácie
|2 SNKPH
|9 70483
|
| 655 |
|
7 |
|a Documents
|2 SNKPHeng
|9 277725
|
| 655 |
|
7 |
|a Photographical works
|2 SNKPHeng
|9 278887
|
| 700 |
1 |
|
|a Compagnon, Daniel
|4 aut
|9 322912
|
| 700 |
1 |
|
|a Komorovská, Vladimíra,
|d 1961-
|4 trl
|9 226198
|
| 919 |
|
|
|a 978-80-85684-66-7
|
| 968 |
|
|
|d 355/359
|
| 999 |
|
|
|c 573521
|d 575451
|
| 952 |
|
|
|a SNK
|b SNK
|y PREZ
|7 0
|p 17A0627466
|o snkSC 136707
|i snk2009/13879
|8 0
|0 0
|1 0
|4 0
|d 2009-07-31
|f 1
|l 0
|r 2025-07-02 00:00:00
|w 2026-02-23
|